[Event "36th Reykjavik op"]
[Site "Reykjavik ISL"]
[Date "2023.04.02"]
[Round "7.82"]
[White "Ricken, Katharina"]
[Black "Kee, Steve"]
[WhiteElo "2205"]
[BlackElo "1919"]
[Result "0-1"]
[EventDate "2023.03.29"]
[PlyCount "90"]

1. Nf3 f5 2. b3 d6 3. d4 Nf6 4. Bb2 g6 5. g3 Bg7 6. Bg2 O-O 7. O-O Ne4 8. Nbd2 Nc6
9. c4 Nxd2 10. Qxd2 e5 11. dxe5 dxe5 12. Qd5+ Kh8 13. Qxd8 Rxd8 14. Rfd1 Be6 15.
Ng5 Bg8 16. Bxc6 bxc6 17. f4 e4 18. Bxg7+ Kxg7 19. Kf2 h6 20. Nh3 Kf6 21. Ke3 Bf7
22. Nf2 Rd6 23. c5 Rd5 24. Rxd5 cxd5 25. Nd1 Rb8 26. Nc3 c6 27. Rd1 Be6 28. Rd4 Bc8
29. Ra4 Rb7 30. Ra6 d4+ 31. Kd2 dxc3+ 32. Kxc3 Rxb3+ 33. axb3 Bxa6 34. e3 g5 35.
Kd4 gxf4 36. gxf4 Be2 37. b4 Bf1 38. h4 h5 39. Kc3 Ke6 40. Kd4 a6 41. Kc3 Kd5 42.
Kb3 Bb5 43. Kc3 Ba4 44. Kb2 Kc4 45. Ka3 Bb5  0-1

[Event "36th Reykjavik op"]
[Site "Reykjavik ISL"]
[Date "2023.04.02"]
[Round "7.83"]
[White "Geyler, Stefan"]
[Black "Nielsen, Andre"]
[WhiteElo "1915"]
[BlackElo "2201"]
[Result "0-1"]
[EventDate "2023.03.29"]
[PlyCount "138"]

1. e4 e5 2. Nf3 Nc6 3. Nc3 Nf6 4. Bb5 Bc5 5. Nxe5 Nxe5 6. d4 Bd6 7. O-O O-O 8. dxe5
Bxe5 9. Bd3 Re8 10. Nb5 c6 11. f4 Bb8 12. Nc3 d6 13. h3 b5 14. e5 dxe5 15. fxe5 Qd4+
16. Kh1 Qxe5 17. Bf4 Qh5 18. Qd2 Bxf4 19. Qxf4 Qe5 20. Qxe5 Rxe5 21. Rfe1 Rxe1+ 22.
Rxe1 Be6 23. Ne4 Nxe4 24. Bxe4 Rc8 25. a3 c5 26. Rd1 Kf8 27. c3 Ke7 28. Kg1 Rd8 29.
Rxd8 Kxd8 30. h4 Ke7 31. Kf2 Kf6 32. Bc6 Bc4 33. g3 Ke5 34. Ke3 g6 35. Bf3 h6 36.
Bc6 f6 37. Bf3 Bd5 38. Bd1 Be6 39. Be2 Bd7 40. Bf3 Be8 41. Bb7 Bd7 42. Bf3 Be8 43.
Bb7 a5 44. Bf3 Bd7 45. Bb7 Kd6 46. Be4 Be8 47. Bf3 Bc6 48. Bd1 Ke5 49. Be2 h5 50.
Bd1 Be8 51. Bf3 Kf5 52. Bd1 g5 53. Be2 Kg6 54. Bd3+ f5 55. Be2 f4+ 56. gxf4 gxh4
57. Bd3+ Kf6 58. Be4 Bd7 59. Kf3 Bg4+ 60. Kf2 Ke6 61. Kg2 Bf5 62. Bf3 Bg6 63. Kh3
Kf5 64. Kxh4 Kxf4 65. Bc6 b4 66. cxb4 cxb4 67. Ba4 Bf7 68. axb4 axb4 69. Bc2 Ke3
 0-1

[Event "36th Reykjavik op"]
[Site "Reykjavik ISL"]
[Date "2023.04.02"]
[Round "7.84"]
[White "Dasgupta, Avyukt"]
[Black "Sharma, Isha"]
[WhiteElo "1896"]
[BlackElo "2197"]
[Result "0-1"]
[EventDate "2023.03.29"]
[PlyCount "60"]

1. d4 Nf6 2. Nf3 e6 3. b3 c5 4. e3 b6 5. Bd3 Bb7 6. Bb2 Be7 7. Nbd2 d5 8. O-O Nbd7
9. Re1 O-O 10. e4 dxe4 11. Nxe4 Rc8 12. dxc5 Nxc5 13. Nxc5 Bxc5 14. a3 a5 15. Qe2
Qe7 16. Ng5 Rfd8 17. Bxf6 Qxf6 18. Bxh7+ Kh8 19. Ne4 Bxf2+ 20. Nxf2 Kxh7 21. Ng4
Qd4+ 22. Ne3 Rc3 23. Qh5+ Kg8 24. Rad1 Qf6 25. Ng4 Qe7 26. Rxd8+ Qxd8 27. Ne5 Qd4+
28. Kh1 Qf2 29. Rg1 Rxc2 30. Ng4 Bxg2+  0-1

[Event "36th Reykjavik op"]
[Site "Reykjavik ISL"]
[Date "2023.04.02"]
[Round "7.85"]
[White "Johannsson, Birkir Isak"]
[Black "Doran, Chris"]
[WhiteElo "2171"]
[BlackElo "1918"]
[Result "1/2-1/2"]
[EventDate "2023.03.29"]
[PlyCount "109"]

1. d4 Nf6 2. Nf3 g6 3. Nbd2 d5 4. b3 Bg7 5. Bb2 O-O 6. e3 Nbd7 7. Be2 c5 8. O-O b6
9. c4 Bb7 10. Rc1 Rc8 11. Rc2 Re8 12. Qa1 cxd4 13. Bxd4 Nc5 14. Rd1 Ne6 15. Bb2 Qc7
16. Be5 Qc6 17. h3 Ba8 18. Qb2 Qb7 19. Rdc1 Nh5 20. cxd5 Rxc2 21. Qxc2 Qxd5 22. Bc4
Qc6 23. Bxg7 Nhxg7 24. b4 Rd8 25. Bb3 Qb7 26. h4 h6 27. Nc4 Rc8 28. Qd2 Rd8 29. Qc2
Rc8 30. Qb2 Qc6 31. Rc2 Qe4 32. Ncd2 Rxc2 33. Qxc2 Qxc2 34. Bxc2 Bd5 35. a3 Kf8 36.
Kf1 Ne8 37. Ne5 Nd6 38. Bd3 Nc7 39. Nb1 Bb7 40. Nc3 Nd5 41. Nxd5 Bxd5 42. g3 Ke8
43. Ke2 Ne4 44. Bb5+ Kd8 45. Bc6 Bxc6 46. Nxc6+ Kc7 47. Nxa7 Nd6 48. a4 Kb7 49. Nb5
Nxb5 50. axb5 Kc7 51. f4 h5 52. e4 Kd6 53. Ke3 f5 54. Kd4 e6 55. e5+  1/2-1/2

[Event "36th Reykjavik op"]
[Site "Reykjavik ISL"]
[Date "2023.04.02"]
[Round "7.86"]
[White "Pandey, Srishti"]
[Black "Gregersen, Einar"]
[WhiteElo "2156"]
[BlackElo "1894"]
[Result "1-0"]
[EventDate "2023.03.29"]
[PlyCount "77"]

1. d4 Nf6 2. c4 g6 3. Nc3 Bg7 4. e4 d6 5. h3 O-O 6. Be3 e5 7. d5 Nbd7 8. g4 Nc5 9.
Bg2 h5 10. Bf3 Nh7 11. gxh5 gxh5 12. Bxh5 Qh4 13. Bg4 Bxg4 14. Qxg4 Qxg4 15. hxg4
Nd3+ 16. Ke2 Nxb2 17. Rb1 Nxc4 18. Rxb7 Bf6 19. Nf3 Nxe3 20. Kxe3 Rfc8 21. Rhb1 c6
22. dxc6 Rxc6 23. Nd5 Kg7 24. Kd3 Ra6 25. Nc7 Ra3+ 26. R1b3 Rxb3+ 27. axb3 Rc8 28.
Rxa7 Rb8 29. Kc4 Nf8 30. g5 Bd8 31. Ne8+ Kg6 32. Nxd6 Bxg5 33. Nxe5+ Kf6 34. Nc6
Rb6 35. Ne8+ Ke6 36. Nd4+ Ke5 37. Nf3+ Kf4 38. Rxf7+ Kxe4 39. Nxg5+  1-0

[Event "36th Reykjavik op"]
[Site "Reykjavik ISL"]
[Date "2023.04.02"]
[Round "7.87"]
[White "Shundi, Matias"]
[Black "Rempe, Jonas"]
[WhiteElo "2145"]
[BlackElo "1887"]
[Result "1-0"]
[EventDate "2023.03.29"]
[PlyCount "119"]

1. e4 e5 2. Nf3 Nc6 3. Bb5 a6 4. Ba4 Nf6 5. O-O Be7 6. Re1 b5 7. Bb3 d6 8. c3 O-O
9. h3 Re8 10. d4 Bf8 11. Nbd2 Bb7 12. a3 g6 13. Bc2 Bg7 14. b3 d5 15. dxe5 Nd7 16.
exd5 Ncxe5 17. Bb2 Bxd5 18. Nxe5 Nxe5 19. Nf1 c6 20. Ne3 Qg5 21. Nxd5 cxd5 22. Rf1
Rad8 23. f4 Qg3 24. fxe5 Bxe5 25. Rf3 Qh2+ 26. Kf2 Bb8 27. Qd4 Rd7 28. Re1 Rxe1 29.
Kxe1 Bg3+ 30. Rxg3 Qxg3+ 31. Kf1 Re7 32. Qf2 Qh2 33. Qd2 Qe5 34. Bd1 Re6 35. Bf3
Rd6 36. Qe2 Qf5 37. c4 Re6 38. Qd2 bxc4 39. bxc4 Rb6 40. Bc3 Rb3 41. cxd5 Qb1+ 42.
Kf2 Rxa3 43. Kg3 Qb8+ 44. d6 Rxc3 45. Qxc3 Qxd6+ 46. Kf2 Qb6+ 47. Qe3 Qb1 48. Qe2
Qb6+ 49. Ke1 a5 50. Qe8+ Kg7 51. Qe5+ Kg8 52. Bd5 Qa7 53. Kd2 a4 54. Kc2 h5 55. Kb2
a3+ 56. Ka2 Kh7 57. Qf6 Qa5 58. Qxf7+ Kh6 59. Qf8+ Kg5 60. h4+  1-0

[Event "36th Reykjavik op"]
[Site "Reykjavik ISL"]
[Date "2023.04.02"]
[Round "7.89"]
[White "Kather, Yannick"]
[Black "Krassel, Timofei"]
[WhiteElo "2137"]
[BlackElo "1880"]
[Result "0-1"]
[EventDate "2023.03.29"]
[PlyCount "54"]

1. e4 e5 2. Nf3 Nc6 3. Bb5 a6 4. Ba4 Nf6 5. Qe2 b5 6. Bb3 Bc5 7. O-O O-O 8. c3 d6
9. Rd1 Bg4 10. h3 Bh5 11. d3 Kh8 12. Bg5 h6 13. Bxf6 gxf6 14. Bd5 Qd7 15. Qd2 Kh7
16. Bxc6 Qxc6 17. Nh4 Rg8 18. Nf5 Rg5 19. Re1 Rxf5 20. exf5 Rg8 21. g4 Bxg4 22. hxg4
Rxg4+ 23. Kf1 Qf3 24. Re4 Rg2 25. Re3 Bxe3 26. Qxe3 Qg4 27. f3 Qh3  0-1

[Event "36th Reykjavik op"]
[Site "Reykjavik ISL"]
[Date "2023.04.02"]
[Round "7.90"]
[White "Finnsson, Johann Arnar"]
[Black "Harish, Neeraj"]
[WhiteElo "1874"]
[BlackElo "2127"]
[Result "0-1"]
[EventDate "2023.03.29"]
[PlyCount "68"]

1. b3 e5 2. Bb2 Nc6 3. e3 d5 4. Bb5 Bd6 5. Nf3 Qe7 6. c4 a6 7. Bxc6+ bxc6 8. c5 Bxc5
9. Nxe5 Nf6 10. f4 Bd7 11. Nxd7 Nxd7 12. O-O O-O 13. Qg4 f6 14. Kh1 Rfe8 15. Nc3
d4 16. Ne2 dxe3 17. dxe3 Qxe3 18. Ng3 Qe6 19. f5 Qf7 20. Rac1 Ne5 21. Bxe5 Rxe5 22.
Ne4 Bf8 23. Rxc6 Kh8 24. Ng3 a5 25. Nh5 Rae8 26. Nf4 Re4 27. Re6 R8xe6 28. fxe6 Qe8
29. Qf3 f5 30. g4 Bd6 31. Nd5 Rxe6 32. gxf5 Re2 33. f6 Rxh2+ 34. Kg1 Qg6+  0-1

[Event "36th Reykjavik op"]
[Site "Reykjavik ISL"]
[Date "2023.04.02"]
[Round "7.91"]
[White "Briem, Benedikt"]
[Black "Arnalds, Stefan"]
[WhiteElo "2127"]
[BlackElo "1873"]
[Result "1-0"]
[EventDate "2023.03.29"]
[PlyCount "81"]

1. d4 Nf6 2. c4 e6 3. g3 Bb4+ 4. Nd2 d5 5. Bg2 c6 6. Ngf3 O-O 7. O-O Nbd7 8. Qc2
Be7 9. e4 Nxe4 10. Nxe4 dxe4 11. Qxe4 Nf6 12. Qe2 Bd7 13. Ne5 Re8 14. Rd1 h6 15.
b3 Qc7 16. Bf4 Bd6 17. Qf3 Bxe5 18. dxe5 Nh7 19. Qg4 Kh8 20. Qh5 Kg8 21. Be4 Rad8
22. c5 Bc8 23. Rd6 Rxd6 24. cxd6 Qd7 25. g4 f5 26. gxf5 exf5 27. Bxf5 Qxf5 28. Qxe8+
Nf8 29. Bg3 Be6 30. h3 Qxh3 31. Rd1 Bd5 32. Rxd5 cxd5 33. Qb5 d4 34. Qd5+ Kh8 35.
Qxd4 b6 36. Qd5 Qg4 37. Qf7 Qc8 38. Qxa7 Qc1+ 39. Kh2 Qc6 40. Qf7 Nd7 41. Qe8+  1-0

[Event "36th Reykjavik op"]
[Site "Reykjavik ISL"]
[Date "2023.04.02"]
[Round "7.92"]
[White "Notkin, Akiva"]
[Black "Ingvason, Johann"]
[WhiteElo "1846"]
[BlackElo "2122"]
[Result "0-1"]
[EventDate "2023.03.29"]
[PlyCount "80"]

1. c4 e5 2. g3 Nf6 3. Bg2 d5 4. cxd5 Nxd5 5. Nc3 Be6 6. d3 Nc6 7. a3 Be7 8. Nf3 O-O
9. O-O h6 10. Bd2 Qd7 11. Rc1 Rac8 12. Ne4 b6 13. Qc2 Nd4 14. Qd1 Nxf3+ 15. Bxf3
c5 16. Re1 Rfd8 17. Nc3 Nf6 18. Be3 Ng4 19. Qa4 Qxa4 20. Nxa4 Nxe3 21. fxe3 c4 22.
Kf2 cxd3 23. Rxc8 Bxc8 24. exd3 Rxd3 25. Be4 Rd2+ 26. Re2 Rxe2+ 27. Kxe2 Kf8 28.
Nc3 f5 29. Bc6 g5 30. Kd3 Be6 31. Nb5 a5 32. Nc7 Bc8 33. Nd5 Ba6+ 34. Kd2 Bd6 35.
b4 Kf7 36. Kc3 Ke6 37. a4 Kf7 38. b5 Bc8 39. Kc4 Be6 40. Bb7 g4  0-1

[Event "36th Reykjavik op"]
[Site "Reykjavik ISL"]
[Date "2023.04.02"]
[Round "7.93"]
[White "Jaksland, Tim"]
[Black "Wheatley, Wilfred"]
[WhiteElo "2117"]
[BlackElo "1854"]
[Result "1-0"]
[EventDate "2023.03.29"]
[PlyCount "67"]

1. e4 e5 2. Nf3 Nc6 3. Bc4 Bc5 4. c3 Nf6 5. d3 h6 6. Nbd2 a5 7. Nf1 O-O 8. Ng3 d5
9. exd5 Nxd5 10. O-O Nb6 11. Bb3 a4 12. Bc2 Be6 13. Re1 Bd6 14. d4 Bc4 15. dxe5 Bc5
16. Qxd8 Raxd8 17. Ne4 Be7 18. Be3 a3 19. b3 Bd3 20. Bxd3 Rxd3 21. Rac1 Rd5 22. Ng3
Nd7 23. Bd4 Bg5 24. Nxg5 hxg5 25. e6 fxe6 26. Be3 Nde5 27. Red1 Rfd8 28. Rxd5 Rxd5
29. Ne4 Nd3 30. Rb1 Nf4 31. Kf1 Re5 32. f3 b6 33. Bc1 Nd3 34. Bxg5  1-0

[Event "36th Reykjavik op"]
[Site "Reykjavik ISL"]
[Date "2023.04.02"]
[Round "7.94"]
[White "Thorsteinsson, Thorsteinn"]
[Black "Hnatyshyn, Anastasiia"]
[WhiteElo "1844"]
[BlackElo "2114"]
[Result "0-1"]
[EventDate "2023.03.29"]
[PlyCount "96"]

1. e4 c5 2. Nf3 Nc6 3. c3 Nf6 4. e5 Nd5 5. d4 cxd4 6. cxd4 d6 7. exd6 Qxd6 8. Nc3
Bf5 9. Bd3 Bxd3 10. Qxd3 Ndb4 11. Qe2 e6 12. a3 Nd5 13. Qb5 Nc7 14. Qc4 a6 15. Be3
Be7 16. Rd1 Rd8 17. O-O O-O 18. b4 b5 19. Qc5 Qd7 20. Qh5 f5 21. Bg5 Nd5 22. Nxd5
Qxd5 23. Rfe1 Bf6 24. h3 Qb3 25. Rd2 h6 26. Bxf6 Rxf6 27. Re3 Qc4 28. Red3 Rf7 29.
Qh4 Rfd7 30. Qf4 Rd5 31. h4 e5 32. Qxf5 Nxd4 33. Nxd4 Rxd4 34. Rxd4 exd4 35. Qc2
d3 36. Qb2 Qxh4 37. g3 Qc4 38. Kg2 Qe4+ 39. f3 Qe3 40. Qc3 Kh7 41. Qc1 Rf8 42. f4
Qe4+ 43. Kh2 Rf5 44. Qd1 g6 45. g4 Qxf4+ 46. Kg2 Qe4+ 47. Kg3 Qf4+ 48. Kg2 Rg5  0-1

[Event "36th Reykjavik op"]
[Site "Reykjavik ISL"]
[Date "2023.04.02"]
[Round "7.95"]
[White "Dorweiler, Roger Paul"]
[Black "Girardin, Yves"]
[WhiteElo "1843"]
[BlackElo "2104"]
[Result "0-1"]
[EventDate "2023.03.29"]
[PlyCount "72"]

1. d4 Nf6 2. c4 e6 3. Nc3 Bb4 4. Qc2 d5 5. cxd5 exd5 6. Bg5 h6 7. Bh4 Nc6 8. e3 g5
9. Bg3 h5 10. h3 Ne4 11. Bd3 Qe7 12. Bxe4 dxe4 13. Nge2 h4 14. Bh2 Bxc3+ 15. bxc3
f5 16. Rb1 b6 17. Nc1 O-O 18. Qe2 Qf7 19. Qb5 Na5 20. Nb3 c6 21. Qa4 Nc4 22. Nd2
b5 23. Qb4 Nb6 24. O-O Be6 25. f3 Qg6 26. fxe4 fxe4 27. Rxf8+ Rxf8 28. Rf1 Rxf1+
29. Nxf1 g4 30. hxg4 Qxg4 31. Qd6 h3 32. Qg3 Nd5 33. gxh3 Qxg3+ 34. Bxg3 Nxc3 35.
h4 Bxa2 36. Kf2 b4  0-1

[Event "36th Reykjavik op"]
[Site "Reykjavik ISL"]
[Date "2023.04.02"]
[Round "7.96"]
[White "Vemparala, Nikash"]
[Black "Fouassier, Paul"]
[WhiteElo "2100"]
[BlackElo "1848"]
[Result "0-1"]
[EventDate "2023.03.29"]
[PlyCount "60"]

1. e4 Nf6 2. e5 Nd5 3. d4 d6 4. c4 Nb6 5. exd6 cxd6 6. Bd3 g6 7. Be3 Bg7 8. Ne2 O-O
9. O-O Nc6 10. a3 d5 11. c5 Nd7 12. Qb3 e5 13. Qxd5 exd4 14. Nxd4 Nxd4 15. Bxd4 Nxc5
16. Qxd8 Rxd8 17. Bxg7 Rxd3 18. Bc3 Nb3 19. Ra2 Be6 20. a4 Nd2 21. Nxd2 Bxa2 22.
Ne4 h6 23. Re1 Be6 24. Nc5 Rd5 25. Nxb7 a5 26. Be5 Ra7 27. Nd6 Rd7 28. Ne8 Rxe5 29.
Nf6+ Kg7 30. Ne8+ Kf8  0-1

[Event "36th Reykjavik op"]
[Site "Reykjavik ISL"]
[Date "2023.04.02"]
[Round "7.97"]
[White "Haugen, Lars Tormod"]
[Black "Murphy, Hugh"]
[WhiteElo "1837"]
[BlackElo "2100"]
[Result "0-1"]
[EventDate "2023.03.29"]
[PlyCount "124"]

1. e4 c6 2. d4 d5 3. exd5 cxd5 4. Bd3 Nf6 5. h3 Nc6 6. c3 g6 7. Nf3 Bf5 8. Be2 Bg7
9. O-O O-O 10. Bf4 Ne4 11. Nbd2 Nxd2 12. Qxd2 a6 13. Rfe1 b5 14. Bf1 Qb6 15. g4 Bd7
16. Bg2 Rfe8 17. b4 a5 18. a3 e6 19. Bf1 Rec8 20. Kg2 Be8 21. Bh6 axb4 22. axb4 Rxa1
23. Rxa1 Nb8 24. Bxg7 Kxg7 25. Ne5 Nd7 26. Nd3 Qc6 27. Nc5 Nb6 28. Ra6 Ra8 29. Qa2
Rxa6 30. Qxa6 Na4 31. Qxc6 Bxc6 32. Kf3 Nxc3 33. Ke3 Kf8 34. f3 Ke7 35. Kd2 Nb1+
36. Ke3 Na3 37. Bd3 Nc4+ 38. Kf4 f6 39. g5 e5+ 40. dxe5 fxe5+ 41. Kg3 Nd6 42. h4
Nf7 43. h5 Nxg5 44. hxg6 hxg6 45. Bxg6 Ne6 46. Nd3 Kf6 47. Bh5 Nd4 48. Ne1 Bd7 49.
Kf2 Nc6 50. Nd3 Bf5 51. Be8 Bxd3 52. Bxc6 Bc4 53. Ke3 Ke6 54. Be8 d4+ 55. Kd2 Kf5
56. Bc6 Kf4 57. Be4 Kg3 58. Bb7 Kf2 59. Be4 Be2 60. Bc6 Bxf3 61. Bxb5 e4 62. Bd3
e3+  0-1

[Event "36th Reykjavik op"]
[Site "Reykjavik ISL"]
[Date "2023.04.02"]
[Round "7.98"]
[White "Southcott-Moyers, Indy"]
[Black "Krumm, Arthur"]
[WhiteElo "2094"]
[BlackElo "1843"]
[Result "1-0"]
[EventDate "2023.03.29"]
[PlyCount "199"]

1. d4 e6 2. c4 f5 3. g3 Nf6 4. Bg2 Be7 5. Nf3 O-O 6. O-O d6 7. Nc3 Ne4 8. Nxe4 fxe4
9. Ne1 d5 10. f3 Nc6 11. f4 b6 12. e3 Kh8 13. Nc2 a5 14. b3 Bd7 15. Ba3 Bxa3 16.
Nxa3 Nb4 17. Nc2 Nd3 18. Ne1 Nb4 19. a3 Nc6 20. Ra2 Ne7 21. Bh3 Nf5 22. Bxf5 exf5
23. c5 b5 24. Rc2 c6 25. Rg2 Qf6 26. h3 g6 27. g4 Kg8 28. g5 Qg7 29. h4 Kf7 30. Rff2
Rh8 31. Rh2 a4 32. h5 Ke7 33. hxg6 hxg6 34. bxa4 Rxh2 35. Rxh2 Rxa4 36. Qb3 Ra8 37.
Rh6 Rh8 38. Rxh8 Qxh8 39. a4 bxa4 40. Qxa4 Qh3 41. Qb3 Qg3+ 42. Ng2 Qf3 43. Qc2 Be8
44. Qd2 Kd7 45. Ne1 Qg4+ 46. Kf2 Ke7 47. Qa5 Qh4+ 48. Ke2 Qh2+ 49. Kd1 Qh5+ 50. Kd2
Qh2+ 51. Kd1 Qh5+ 52. Kc1 Bd7 53. Qb4 Qh8 54. Qb7 Qh1 55. Kd2 Qh2+ 56. Kc3 Qa2 57.
Nc2 Ke8 58. Qb8+ Kf7 59. Qb7 Ke7 60. Qb3 Qa6 61. Kb2 Qe2 62. Ka3 Qa6+ 63. Qa4 Qd3+
64. Kb4 Qc4+ 65. Ka5 Qc3+ 66. Kb6 Qd3 67. Kb7 Qd1 68. Kc7 Be8 69. Qa8 Qxc2 70. Qd8+
Kf8 71. Qf6+ Bf7 72. Qh8+ Bg8 73. Qf6+ Bf7 74. Qxc6 Qa2 75. Qd6+ Kg7 76. Qd7 Qa7+
77. Kd6 Qb8+ 78. Qc7 Qf8+ 79. Kc6 Kg8 80. Kb6 Be8 81. Kb7 Bb5 82. Kb6 Qe8 83. c6
Ba4 84. Qd6 Kg7 85. Kc7 Qa8 86. Qd7+ Kg8 87. Qe6+ Kh7 88. Qf7+ Kh8 89. Qxg6 Qa7+
90. Kd6 Qb8+ 91. Kd7 Qa7+ 92. Ke8 Qb8+ 93. Kf7 Qc7+ 94. Kf8 Qd8+ 95. Qe8 Qxe8+ 96.
Kxe8 Bxc6+ 97. Kf7 Kh7 98. g6+ Kh6 99. g7 Be8+ 100. Kf8  1-0

[Event "36th Reykjavik op"]
[Site "Reykjavik ISL"]
[Date "2023.04.02"]
[Round "7.99"]
[White "Patel, Zain"]
[Black "Doraszelski, Alexander"]
[WhiteElo "1833"]
[BlackElo "2093"]
[Result "0-1"]
[EventDate "2023.03.29"]
[PlyCount "52"]

1. d4 d5 2. c4 dxc4 3. e3 Nf6 4. Bxc4 e6 5. Nf3 a6 6. O-O c5 7. Nc3 b5 8. Bb3 Bb7
9. Re1 Nbd7 10. e4 cxd4 11. Nxd4 Nc5 12. Bg5 Nxb3 13. Nxb3 Be7 14. Qf3 O-O 15. Red1
Qb8 16. Bxf6 Bxf6 17. Nc5 Bc6 18. b4 a5 19. a3 axb4 20. axb4 Rxa1 21. Rxa1 Qe5 22.
Rc1 Qd4 23. Na6 Qd2 24. Rd1 Qxc3 25. Qxc3 Bxc3 26. Rc1 Ra8  0-1

[Event "36th Reykjavik op"]
[Site "Reykjavik ISL"]
[Date "2023.04.02"]
[Round "7.100"]
[White "Heidarsson, Arnar Milutin"]
[Black "Kjartansson, Dagur"]
[WhiteElo "2075"]
[BlackElo "1835"]
[Result "1-0"]
[EventDate "2023.03.29"]
[PlyCount "81"]

1. d4 g6 2. c4 Nf6 3. Nc3 d5 4. Nf3 c6 5. Qb3 Bg7 6. g3 O-O 7. Bg2 dxc4 8. Qxc4 Nbd7
9. O-O Nb6 10. Qd3 Nfd5 11. Rd1 Bf5 12. e4 Nb4 13. Qe2 Bg4 14. a3 Na6 15. Be3 e6
16. h3 Bxf3 17. Bxf3 Qe7 18. d5 exd5 19. exd5 cxd5 20. Nxd5 Nxd5 21. Rxd5 Nc7 22.
Ra5 b6 23. Ra4 Qe5 24. Bxa8 Rxa8 25. Rc1 Ne6 26. Qf3 Rf8 27. Rxa7 Qxb2 28. Kg2 Nd4
29. Qe4 Nf5 30. Bf4 Bd4 31. Qc2 Qb5 32. Qc4 Qb2 33. Qc2 Qb5 34. Qe4 Qb2 35. Rc2 Qb3
36. Ra8 Bc5 37. Rxf8+ Bxf8 38. a4 Nd6 39. Bxd6 Bxd6 40. Rc8+ Bf8 41. Qe7  1-0

[Event "36th Reykjavik op"]
[Site "Reykjavik ISL"]
[Date "2023.04.02"]
[Round "7.101"]
[White "Halldorsson, Bragi"]
[Black "Oberschilp, Friedrich"]
[WhiteElo "2067"]
[BlackElo "1827"]
[Result "1/2-1/2"]
[EventDate "2023.03.29"]
[PlyCount "169"]

1. d4 d5 2. Nf3 e6 3. g3 c5 4. Bg2 Nc6 5. O-O Nf6 6. Bg5 h6 7. Bf4 Qb6 8. dxc5 Qxb2
9. Nbd2 Qc3 10. Nb3 Bxc5 11. Nxc5 Qxc5 12. Ne5 O-O 13. Rc1 b5 14. c3 Rd8 15. Be3
Qd6 16. Nd3 Na5 17. a4 Bd7 18. Bc5 Qc7 19. Be7 Rdc8 20. Bxf6 gxf6 21. e4 dxe4 22.
Qg4+ Kf8 23. Qxe4 Bc6 24. Qb4+ Kg7 25. Bxc6 Nxc6 26. Qg4+ Kh7 27. axb5 Ne7 28. c4
a6 29. Qh4 Kg7 30. b6 Qxb6 31. Nf4 Nf5 32. Nh5+ Kf8 33. Qxf6 Qd4 34. Rfd1 Qxf6 35.
Nxf6 Ke7 36. Nd7 Ra7 37. Nb6 Rc6 38. c5 Rac7 39. Na4 e5 40. Re1 Ke6 41. f4 f6 42.
fxe5 fxe5 43. Rc4 Kd5 44. Ree4 Nd4 45. Rexd4+ exd4 46. Rc1 Rf6 47. Kg2 Ke4 48. Nb6
Rxc5 49. Rxc5 Rxb6 50. Kf2 Kd3 51. Ra5 Rb2+ 52. Ke1 Rb1+ 53. Kf2 Rb2+ 54. Ke1 Rxh2
55. Ra3+ Kc4 56. Rxa6 Kd3 57. Ra3+ Ke4 58. Rb3 Rc2 59. Kd1 Rc3 60. Rb6 Rxg3 61. Rxh6
Kd3 62. Kc1 Rg1+ 63. Kb2 Re1 64. Ra6 Kd2 65. Rd6 d3 66. Rh6 Re2 67. Rh1 Rf2 68. Rh6
Ke1+ 69. Kc3 d2 70. Rh1+ Ke2 71. Kc2 Rg2 72. Rd1 Ke3 73. Rh1 Rf2 74. Rh3+ Ke2 75.
Rh1 Ke3 76. Rh3+ Ke2 77. Rh1 Rg2 78. Rd1 Ke3 79. Rh1 Rf2 80. Rd1 Rh2 81. Rg1 Rh8
82. Rg3+ Kf2 83. Rd3 Ke1 84. Re3+ Kf2 85. Kxd2  1/2-1/2

[Event "36th Reykjavik op"]
[Site "Reykjavik ISL"]
[Date "2023.04.02"]
[Round "7.102"]
[White "Laddha, Yash Jayesh"]
[Black "Saemundsson, Bjarni"]
[WhiteElo "2067"]
[BlackElo "1826"]
[Result "1-0"]
[EventDate "2023.03.29"]
[PlyCount "81"]

1. e4 b6 2. d4 Bb7 3. Nc3 e6 4. Bd3 Bb4 5. Nge2 c5 6. a3 Bxc3+ 7. bxc3 d5 8. exd5
Bxd5 9. Nf4 Bb7 10. O-O Ne7 11. dxc5 bxc5 12. Qh5 Qd6 13. Rd1 Qc6 14. Rb1 Ba6 15.
c4 Nd7 16. Bb2 Kf8 17. Be2 Qc7 18. Qg4 Ng6 19. Nh5 Rg8 20. h4 Re8 21. Rd2 f6 22.
Rbd1 Nde5 23. Qg3 Bb7 24. Rd7 Qb8 25. R7d2 Bc6 26. Bc3 Kf7 27. f4 Nd7 28. Rxd7+ Bxd7
29. Rxd7+ Re7 30. Rxe7+ Nxe7 31. Bd3 Nf5 32. Qf2 Qd6 33. Ng3 Nxg3 34. Qxg3 Rh8 35.
Qf3 g6 36. Kh2 Rg8 37. g3 Rb8 38. Be5 Qd8 39. Bxb8 Qxb8 40. Qc6 Qb2 41. Qd7+  1-0

[Event "36th Reykjavik op"]
[Site "Reykjavik ISL"]
[Date "2023.04.02"]
[Round "7.103"]
[White "Spagnoli, Benjamin"]
[Black "Manukonda, Arun"]
[WhiteElo "1744"]
[BlackElo "2061"]
[Result "0-1"]
[EventDate "2023.03.29"]
[PlyCount "106"]

1. d4 d5 2. Nc3 c5 3. e4 dxe4 4. d5 Nf6 5. Be3 g6 6. Bxc5 Bg7 7. Bd4 O-O 8. h4 Na6
9. h5 Nb4 10. hxg6 hxg6 11. Nxe4 Qxd5 12. Nxf6+ exf6 13. c3 Qe4+ 14. Qe2 Nc2+ 15.
Kd2 Qxe2+ 16. Bxe2 Nxa1 17. Bd3 Be6 18. Ne2 Bxa2 19. Rxa1 Bd5 20. Nf4 Bh6 21. g3
Bxf4+ 22. gxf4 Kg7 23. Rg1 Rfe8 24. Bb5 Bc6 25. Bd3 Be4 26. Bb5 Rh8 27. Re1 Bc6 28.
Bd3 Rae8 29. Ra1 a6 30. Rg1 Rh1 31. Rg3 Ba4 32. Re3 Reh8 33. Bc2 Bxc2 34. Kxc2 R8h4
35. Re7 b5 36. Be3 Ra1 37. Rb7 Ra4 38. Kd3 Rhxf4 39. Bxf4 Rxf4 40. Ke3 Ra4 41. Rb6
g5 42. b4 f5 43. f3 f6 44. Rc6 Kg6 45. Rc5 Ra1 46. Rc6 Ra2 47. Kd4 g4 48. fxg4 fxg4
49. Rc8 Kf5 50. Ke3 g3 51. Rg8 g2 52. Kf3 Ke5 53. Ke3 f5  0-1

[Event "36th Reykjavik op"]
[Site "Reykjavik ISL"]
[Date "2023.04.02"]
[Round "7.104"]
[White "Markzon, Gregory"]
[Black "Jonsson, Olafur Gisli"]
[WhiteElo "2059"]
[BlackElo "1817"]
[Result "1-0"]
[EventDate "2023.03.29"]
[PlyCount "85"]

1. c4 Nf6 2. Nf3 c5 3. g3 b6 4. Bg2 Bb7 5. O-O e6 6. b3 Be7 7. Bb2 d6 8. Nc3 a6 9.
Re1 Nbd7 10. e4 O-O 11. Qe2 Qc7 12. d4 cxd4 13. Nxd4 Rfe8 14. h3 Bf8 15. Rad1 Rad8
16. g4 g6 17. Nc2 Qb8 18. f4 h6 19. Kh1 Bg7 20. Qf2 Nc5 21. Ba1 Qa8 22. Qe2 d5 23.
e5 Nfe4 24. Kh2 g5 25. Nxe4 dxe4 26. fxg5 hxg5 27. Qe3 Nd3 28. Rf1 Nf4 29. Bd4 Rxd4
30. Nxd4 Bxe5 31. Kh1 Nxg2 32. Kxg2 Bf4 33. Rxf4 gxf4 34. Qxf4 e3+ 35. Kg1 Bh1 36.
Qg5+ Kf8 37. Qh6+ Kg8 38. Qg5+ Kh7 39. Qh5+ Kg7 40. Qg5+ Kf8 41. Qh6+ Ke7 42. Nf5+
exf5 43. Qd6#  1-0

[Event "36th Reykjavik op"]
[Site "Reykjavik ISL"]
[Date "2023.04.02"]
[Round "7.105"]
[White "Kakulidis, Ellen"]
[Black "Eiriksson, Sigurdur"]
[WhiteElo "2046"]
[BlackElo "1798"]
[Result "1/2-1/2"]
[EventDate "2023.03.29"]
[PlyCount "46"]

1. d4 Nf6 2. Nf3 e6 3. Bf4 d5 4. e3 Bd6 5. Nbd2 b6 6. c3 O-O 7. Ne5 Bb7 8. Bd3 Nbd7
9. Qc2 h6 10. h3 Nh5 11. g4 Bxe5 12. dxe5 Nxf4 13. exf4 d4 14. Be4 dxc3 15. Qxc3
Bxe4 16. Nxe4 Rc8 17. O-O-O Qe7 18. Rd3 Rfd8 19. Rhd1 Nf8 20. f5 Rxd3 21. Rxd3 exf5
22. gxf5 Qh4 23. Nd2 Qxf2  1/2-1/2

[Event "36th Reykjavik op"]
[Site "Reykjavik ISL"]
[Date "2023.04.02"]
[Round "7.106"]
[White "Ptacnikova, Lenka"]
[Black "Scoccianti, Raffaele"]
[WhiteElo "2040"]
[BlackElo "1796"]
[Result "1-0"]
[EventDate "2023.03.29"]
[PlyCount "103"]

1. e4 d5 2. exd5 Qxd5 3. Nc3 Qe5+ 4. Be2 c6 5. Nf3 Qc7 6. d4 Bf5 7. d5 e6 8. Nd4
Bb4 9. dxe6 fxe6 10. Nxf5 exf5 11. O-O Nd7 12. Qd4 Bxc3 13. Bh5+ g6 14. Qxc3 Ngf6
15. Re1+ Kf7 16. Qb3+ Nd5 17. Bf3 N7f6 18. Bg5 Qb6 19. Bxd5+ cxd5 20. Qxb6 axb6 21.
Be3 Rhe8 22. a3 Re6 23. h3 Rc8 24. c3 Rce8 25. Red1 b5 26. a4 bxa4 27. Rxa4 Re4 28.
Ra5 Rd8 29. Kf1 Re6 30. Rb5 Rd7 31. Bf4 Ke7 32. f3 Kf7 33. Bg5 Red6 34. Rd4 b6 35.
Rbb4 Rb7 36. Be3 Nd7 37. Bf4 Rc6 38. Rxd5 Rc5 39. Rxc5 Nxc5 40. Be3 Nd7 41. Rb5 Ke6
42. Bf4 Ra7 43. Ke2 Ra5 44. Rxa5 bxa5 45. Kd3 Kd5 46. c4+ Kc6 47. Kc3 Nc5 48. Be3
Nb7 49. Kb3 Kc7 50. Ka4 Kc6 51. b3 h5 52. h4  1-0